Normal view
MARC view
Entry Personal Name
001 - CONTROL NUMBER
- control field: 19726
003 - CONTROL NUMBER IDENTIFIER
- control field: ARRUPE
005 - DATE AND TIME OF LATEST TRANSACTION
- control field: 20150910104415.0
008 - FIXED-LENGTH DATA ELEMENTS
- fixed length control field: 150910|| aca||aabn | a|a d
040 ## - CATALOGING SOURCE
- Original cataloging agency: ARRUPE
- Transcribing agency: ARRUPE
100 ## - HEADING--PERSONAL NAME
- Personal name: Elwes, R. H. M.
- Fuller form of name: (Robert Harvey Monro),
- Dates associated with a name: 1853-
- Relator term: tr.
670 ## - SOURCE DATA FOUND
- Source citation: Work cat.: (ARRUPE)0: Spinoza, Benedictus de, 1632-1677. 12122, Improvement of the understanding, Ethics, and correspondence of Benedict de Spinoza,, [1901]